Laos : the land of a million elephants.
| Main Author: | |
|---|---|
| Format: | Book |
| Published: |
Bangkok:
Post Books,
1994.
|
| Subjects: |
| LEADER | 00421cam a2200157 7i4500 | ||
|---|---|---|---|
| 001 | 0000007200 | ||
| 005 | 19991102090000.0 | ||
| 002 | ##000005910 | ||
| 020 | 0 | 0 | |a 974-202-011-6 |
| 090 | 0 | 0 | |a LAOS 959.4 |b HOS |
| 100 | 1 | 0 | |a Hoskin, John |
| 245 | 1 | 0 | |a Laos : |b the land of a million elephants. |
| 260 | 0 | 0 | |a Bangkok: |b Post Books, |c 1994. |
| 300 | 0 | 0 | |a 125 p.. |
| 650 | 0 | 0 | |a Laos |
| 999 | |a 0000006916 |b Book |c Open shelf |e Business Information Centre | ||


